| 000 | 00366nam a22001577a 4500 | ||
|---|---|---|---|
| 008 | 210607b ||||| |||| 00| 0 eng d | ||
| 020 | _a9780130648846 | ||
| 041 | _aeng | ||
| 080 | _a004 | ||
| 082 | _a004 | ||
| 100 | _a28 | ||
| 100 | _a28 | ||
| 101 | _aSHKI | ||
| 245 |
_aCore J2EE Patterns Best Practices and Design Strategies _cDeepak Alur |
||
| 942 |
_2udc _cBK |
||
| 999 |
_c57989 _d57989 |
||